• 首页
  • 本馆介绍
  • 公告通知
  • 最新文献
  • 馆藏检索
  • 电子资源
  • 读者导购
  • 参考咨询
  • 我的图书馆
  • 登录
  • 详细信息显示
  • 放入我的书架
  • 预约/预借图书
  • 作者相关作品
  • 分类相关作品
  • 丛书相关作品
  • 出版社相关作品

书目信息

  • 表格格式
  • 工作单格式
  • 卡片格式
题名:
三维世界的翱翔
    
 
作者: 魏小杰 , 解少勃 编著
分册:  
出版信息: 郑州   郑州大学出版社  2006
页数: 157页
开本: 24cm
丛书名: 大学生文化素质教育美术书系
单 册:
中图分类: J309.1
科图分类:
主题词: 雕塑--鉴赏--世界 , 雕塑
电子资源:
ISBN: 7-81106-254-2
000 01083oam2 2200289 450
001 1231508531
005 20121019084559.45
010    @a7-81106-254-2@dCNY24.00
100    @a20060124d2006 em y0chiy50 ea
101 0  @achi
102    @aCN@b410000
105    @aa z 000yy
200 1  @a三维世界的翱翔@Asan wei shi jie de ao xiang@e中外雕塑巡礼@f魏小杰,解少勃编著
210    @a郑州@c郑州大学出版社@d2006
215    @a157页@c图@d24cm
225 2  @a大学生文化素质教育美术书系
300    @a河南省“五个一”工程重点图书
330    @a全书分上、下两篇。上篇中国雕塑,共7章,包括先秦雕塑、秦汉雕塑、魏晋南北朝雕塑、隋唐雕塑、宋辽金雕塑等。下篇外国雕塑,共9章,包括原始、古代雕塑,古希腊、三罗马雕塑,中世纪雕塑,文艺复兴时期雕塑等。
461  0 @12001 @a大学生文化素质教育美术书系
517 1  @a中外雕塑巡礼@Azhong wai diao su xun li
606 0  @a雕塑@x鉴赏@y世界
606 0  @a雕塑
690    @aJ309.1@v4
701  0 @a魏小杰@Awei xiao jie@c(女,@f1968~)@4编著
701  0 @a解少勃@Axie shao bo@f(1965~)@4编著
801  0 @aCN@bNLC@c20101222
905    @a10447@dJ309.1@eJY11
    
    三维世界的翱翔:中外雕塑巡礼/魏小杰,解少勃编著.-郑州:郑州大学出版社,2006
    157页:图;24cm.-(大学生文化素质教育美术书系)
    河南省“五个一”工程重点图书
    
    ISBN 7-81106-254-2:CNY24.00
    全书分上、下两篇。上篇中国雕塑,共7章,包括先秦雕塑、秦汉雕塑、魏晋南北朝雕塑、隋唐雕塑、宋辽金雕塑等。下篇外国雕塑,共9章,包括原始、古代雕塑,古希腊、三罗马雕塑,中世纪雕塑,文艺复兴时期雕塑等。
●
相关链接 在E读中查询图书 在五车中查询图书 在当当中查询图书 在豆瓣中查询图书


正题名:三维世界的翱翔     索取号:J309.1/JY11         预约/预借

序号 登录号 条形码 馆藏地/架位号 状态 备注
1 7832898   278328980   学院路分馆/ [索取号:J309.1/JY11] 在馆    
2 7832899   278328999   学院路分馆/ [索取号:J309.1/JY11] 在馆    
3 7832900   278329006   学院路分馆/ [索取号:J309.1/JY11] 在馆    
4 7832901   278329015   学院路分馆/ [索取号:J309.1/JY11] 在馆    
唐山师范学院图书馆 欢迎您!
大连网信软件有限公司© 版权所有